000 01083nam0a22002531 4500
001 rc\3338076
005 20260407143757.0
021 _aRU
_bРг1502-73
035 _a(NLR Aleph) 007429260
090 _a6997993
_c6997993
100 _a20130115d1972 |||y0rusy50 ca
101 0 _arus
_aeng
_afre
102 _aRU
105 _aa b |||||
200 1 _aТехнологические линии по производству длинномерных железобетонных изделий для промышленного строительства
_e[Каталог
_f[Всесоюз. экспортно-импортное объединение "Техноэкспорт"]
210 _aМосква]
_cВнешторгиздат
_d[1972]
215 _a16 с.
_cил.
_d21х21
300 _aТекст парал. на рус., англ. и фр. яз.
712 0 2 _a"Техноэкспорт", всесоюзное об-ние
_3RU\NLR\AUTH\8810016356
_9530560
801 0 _aRU
_bNLR
_gpsbo
801 1 _aRU
_bELAR
_2rusmarc
852 _aNLR
_bСВТЛ
942 _cBOOK
980 _aNB